[Event "WchT U26"]
[Site "Mendoza"]
[Date "1985.??.??"]
[Round "10"]
[White "Chernin, Alexander"]
[Black "Lau, Ralf"]
[Result "1-0"]
[WhiteElo "2495"]
[BlackElo "2410"]

1.g3 d5 2.Nf3 c6 3.Bg2 Bg4 4.b3 Nd7 5.Bb2 e6 6.h3 Bh5 7.O-O Ngf6 8.d4 h6
9.Nbd2 Be7 10.c4 O-O 11.Ne1 a5 12.a3 Bg6 13.Nd3 Qb6 14.Nf4 Bh7 15.Re1 Rfd8
16.e3 Qa7 17.Rc1 Bd6 18.Ne2 Rac8 19.Nc3 Bf8 20.Qe2 Re8 21.Qf1 Rcd8 22.Red1 Bg6
23.Kh2 Bh7 24.f4 Qb6 25.Na4 Qa7 26.Qe2 Rb8 27.Nc3 Qb6 28.Bf3 dxc4 29.Qxc4 Nd5
30.Re1 Qa7 31.Nce4 Red8 32.Qe2 N5f6 33.Nxf6+ Nxf6 34.Nc4 Be4 35.Red1 Rd5
36.Qg2 Bxf3 37.Qxf3 Rb5 38.e4 a4 39.b4 Rd8 40.Rc2 Be7 41.Kg2 Qb8 42.Rdd2 Ne8
43.Ne3 Bf6 44.h4 g6 45.e5 Bg7 46.h5 Kh7 47.g4 Qc7 48.f5 gxf5 49.gxf5 exf5
50.Qxf5+ Kg8 51.Kf1 f6 52.Rf2 fxe5 53.dxe5 Qd7 54.Rce2 Qd3 55.Qe6+ Kh8 56.Rf7 Qe4
57.Qg4 Qh1+ 58.Kf2 Qh2+ 59.Ng2 Rd1 60.Qf5 Qg1+ 61.Kg3 Rbd5 62.Rf8+ Bxf8 63.Qxf8+ Kh7
64.Qxe8 R1d3+ 65.Kg4 R5d4+ 66.Bxd4 Rxd4+ 67.Kf3 Qf1+ 68.Ke3 Rg4 69.Qd7+ Rg7
70.Qd3+ Kh8 71.Qd8+ Kh7 72.Qd3+ Kh8 73.Qd8+ Kh7 74.Ne1 Rg3+ 75.Kd2 Qf4+ 76.Kd1 Qf5
77.Qd4 Qb1+ 78.Kd2 Qa2+ 79.Nc2 Rxa3 80.Qd7+ Kh8 81.Qe8+  1-0

[Event "Moscow"]
[Site "Moscow"]
[Date "1985.??.??"]
[Round "?"]
[White "Sveshnikov, Evgeny"]
[Black "Geller, Efim P"]
[Result "1/2-1/2"]
[WhiteElo "2530"]
[BlackElo "2540"]

1.g3 d5 2.Nf3 c6 3.Bg2 Nf6 4.O-O Bg4 5.Ne5 Bh5 6.d4 Nbd7 7.c4 e6 8.Nc3 Be7
9.Qb3 Qb6 10.Nxd7 Nxd7 11.e4 dxe4 12.Bxe4 Nf6 13.Bg2 O-O 14.Be3 Qxb3 15.axb3 Rfd8
16.h3 h6 17.Rac1 Bb4 18.g4 Bg6 19.Rfd1 Rd7  1/2-1/2

[Event "DEN-ch"]
[Site "Naestved"]
[Date "1985.??.??"]
[Round "?"]
[White "Hansen, Ja"]
[Black "Rasmussen, Karsten"]
[Result "1/2-1/2"]
[WhiteElo "2200"]
[BlackElo "2295"]

1.g3 d5 2.Nf3 Nf6 3.Bg2 c6 4.b3 Bg4 5.Bb2 e6 6.O-O Bd6 7.d3 O-O 8.Nbd2 Nbd7
9.h3 Bxf3 10.Bxf3 a5 11.a3 Qb6 12.Kh2 a4 13.e3 axb3 14.cxb3 e5 15.Qc2 Rfe8
16.Rfe1 Re6 17.Kg2 Rae8 18.e4 Bc5 19.Re2 Bd4 20.b4 Bxb2 21.Qxb2 Qd4 22.Qb1 dxe4
23.dxe4 Rd6 24.Nb3 Qb6 25.Qc2 Nf8 26.Rd1  1/2-1/2

[Event "DEN-ch"]
[Site "Naestved"]
[Date "1985.??.??"]
[Round "?"]
[White "Hansen, Ja"]
[Black "Hoi, Carsten"]
[Result "1/2-1/2"]
[WhiteElo "2200"]
[BlackElo "2380"]

1.g3 d5 2.Nf3 Bg4 3.Bg2 Nd7 4.c4 dxc4 5.Na3 c6 6.Nxc4 Bxf3 7.Bxf3 Ngf6 8.O-O e6
9.d3 Be7 10.a3 O-O 11.b4 Nd5 12.Bb2 Bf6 13.Qc2 Bxb2 14.Qxb2 Qe7 15.Rfc1 N7b6
16.Na5 e5 17.Qb3 a6 18.a4 Rfd8 19.b5 axb5 20.axb5 c5 21.Nc4 Rxa1 22.Rxa1 Nxc4
23.Qxc4 Nb6 24.Qe4 Nd5 25.Ra7 g6 26.Qc4 Nb6 27.Qc3 Rb8 28.Qc1 Kg7 29.Qe3 Nc8
30.Ra4 b6 31.Bc6 Nd6 32.Qc1 Nf5 33.e3 Rd8 34.Ra3 Qd6 35.Qc4 Qc7 36.Qc3 Kg8
37.Be4 Nd6 38.Bc6 Nf5 39.Qc4 Kg7 40.Ra1 Ne7 41.Be4  1/2-1/2

[Event "DEN-ch"]
[Site "Naestved"]
[Date "1985.??.??"]
[Round "?"]
[White "Hansen, Ja"]
[Black "Hansen, Curt"]
[Result "0-1"]
[WhiteElo "2200"]
[BlackElo "2505"]

1.g3 d5 2.Nf3 c5 3.Bg2 Nc6 4.O-O e5 5.d3 Nf6 6.e4 d4 7.a4 Be7 8.Na3 Be6 9.Ng5 Bg4
10.f3 Bh5 11.h4 Nd7 12.Nh3 f6 13.Nf2 O-O 14.Bh3 Bf7 15.Bd2 b6 16.f4 a6 17.Bf5 exf4
18.gxf4 Kh8 19.Nc4 Ra7 20.Qf3 b5 21.axb5 axb5 22.Rxa7 Nxa7 23.Ra1 Qc7 24.Na5 c4
25.c3 dxc3 26.bxc3 Nc5 27.d4 Na4 28.e5 fxe5 29.fxe5 Be6  0-1

[Event "Naestved"]
[Site "Naestved"]
[Date "1985.??.??"]
[Round "2"]
[White "Larsen, Bent"]
[Black "Vaganian, Rafael A"]
[Result "0-1"]
[WhiteElo "2565"]
[BlackElo "2625"]

1.Nf3 d5 2.g3 Nf6 3.Bg2 c6 4.O-O Bg4 5.d3 Nbd7 6.Nbd2 e5 7.e4 dxe4 8.dxe4 Bc5
9.h3 Bh5 10.Qe1 O-O 11.Nc4 Bxf3 12.Bxf3 Qe7 13.Qe2 Qe6 14.Kg2 h5 15.a4 Rfe8
16.Bd2 g6 17.b4 Be7 18.a5 Kg7 19.Rfd1 b5 20.Ne3 h4 21.Bc3 Rad8 22.gxh4 Rh8
23.Bg4 Nxg4 24.Qxg4 Qxg4+ 25.Nxg4 f6 26.Rd3 Kf7 27.Rad1 Ke6 28.Be1 f5 29.Rxd7 Rxd7
30.Rxd7 Kxd7 31.Nxe5+ Ke6 32.Nxc6 a6 33.Nd4+ Kf7 34.exf5 Bf6 35.fxg6+ Kxg6
36.Nb3 Be7 37.c3 Rxh4 38.f3 Rc4 39.Kf1 Kf5 40.Ke2 Ke5 41.Na1 Rc6 42.Nc2 Rh6
43.Nd4 Kd5 44.Nf5 Rh7 45.Kd3 Bg5 46.h4 Rf7 47.Nd4 Bh6 48.h5 Bg7 49.Nb3 Rxf3+
50.Ke2 Rh3 51.Nc5 Kc4 52.Nxa6 Rxh5 53.Nc7 Rh8 54.a6 Be5 55.Ne6 Ra8 56.Nc5 Bxc3  0-1

[Event "Naleczow"]
[Site "Naleczow"]
[Date "1985.??.??"]
[Round "4"]
[White "Gesos, Pavlos"]
[Black "Staniszewski, Piotr"]
[Result "0-1"]
[WhiteElo "2405"]
[BlackElo "2380"]

1.Nf3 d5 2.g3 Nf6 3.Bg2 c6 4.b3 Bf5 5.O-O h6 6.Bb2 e6 7.c4 Nbd7 8.d3 Be7
9.Nbd2 O-O 10.Qc2 a5 11.a3 Bh7 12.h3 b5 13.cxb5 cxb5 14.Rac1 Rc8 15.Qb1 Qb6
16.Rc2 b4 17.a4 Bc5 18.Rcc1 Nh5 19.Qa1 Nxg3 20.Bxg7 Bxf2+ 21.Kh2 Nxe2 22.Rxc8 Rxc8
23.Ne5 Qe3 24.Nxd7 Qf4+  0-1

[Event "Naleczow"]
[Site "Naleczow"]
[Date "1985.??.??"]
[Round "15"]
[White "Lukacs, Peter"]
[Black "Velikov, Petar"]
[Result "1/2-1/2"]
[WhiteElo "2465"]
[BlackElo "2425"]

1.Nf3 d5 2.g3 Nf6 3.Bg2 c6 4.O-O Bf5 5.d3 e6 6.Nbd2 h6 7.b3 Be7 8.Bb2 O-O
9.c4 Nbd7 10.Rc1 a5 11.a3 Bh7 12.Rc2 Bd6 13.Qa1 Qe7 14.Rfc1  1/2-1/2

[Event "NZD-ch"]
[Site "?"]
[Date "1985.??.??"]
[Round "?"]
[White "McLaren, Leonard"]
[Black "Ker, Anthony F"]
[Result "0-1"]
[WhiteElo "2200"]
[BlackElo "2200"]

1.Nf3 d5 2.g3 c5 3.Bg2 Nc6 4.d4 Bg4 5.Ne5 Bh5 6.Nxc6 bxc6 7.c4 e6 8.Nc3 Qd7
9.O-O Nf6 10.Bg5 Be7 11.dxc5 Bxc5 12.Bxf6 gxf6 13.Qa4 Rb8 14.cxd5 cxd5 15.Qh4 Bg6
16.Qxf6 O-O 17.Rad1 Qb7 18.b3 Rfc8 19.Na4 Bf8 20.Rc1 Ba3 21.Nb2 Qb5 22.e4 Qe2
23.Rxc8+ Rxc8 24.Nd1 dxe4 25.Nc3 Qd3 26.Nd1 Rc2 27.Ne3 Rxa2 28.Rd1 Rd2 29.Rxd2 Qxd2
30.Qh4 Bc5 31.Qf4 Bxe3 32.Qxe3 Qxe3 33.fxe3 Kf8 34.Kf2 a5 35.Ke1 Ke7 36.Kd2 Kd6
37.Kc3 Kc5 38.Bf1 f6 39.Bh3 Bf7 40.Bg2 Bg6 41.Bh3 f5 42.Bf1 Bh5 43.Bc4 e5
44.Be6 Bg4 45.Bd7 h6 46.Be8 Kd5 47.Bf7+ Kd6 48.b4 a4 49.Be8 Bd1 50.Bg6 f4
51.Kd2 a3 52.Bf7 Bg4 53.gxf4 exf4 54.Ba2 f3 55.Ke1 Be6 56.Bb1 a2 57.Bxa2 Bxa2  0-1

[Event "Oslo"]
[Site "Oslo"]
[Date "1985.??.??"]
[Round "?"]
[White "Liabotro, Pal Ole"]
[Black "Bator, Robert"]
[Result "1-0"]
[WhiteElo "2200"]
[BlackElo "2380"]

1.g3 d5 2.Nf3 Nf6 3.Bg2 c6 4.O-O Bg4 5.d3 e6 6.Nbd2 Be7 7.Qe1 a5 8.e4 a4
9.a3 Bh5 10.Kh1 O-O 11.e5 Nfd7 12.Ng1 c5 13.f4 Nc6 14.Ndf3 Qb6 15.Bh3 Bxf3+
16.Nxf3 g6 17.g4 c4 18.f5 Nd4 19.f6 Nxf3 20.Rxf3 Bc5 21.Qh4 Rfc8 22.Bg2 Nxe5
23.Rh3 Kf8 24.Qg5 Nd7 25.Rxh7 Ke8 26.dxc4 dxc4 27.Be4 Nf8 28.Rh8 Rd8 29.Bf4 Ra5
30.Re1 Rd4 31.Be5 Rd7 32.Bc3 Ra6 33.Qh6 Qd8 34.Bb4 Rd1 35.Qxf8+ Bxf8 36.Rxf8+  1-0

[Event "Pancevo"]
[Site "Pancevo"]
[Date "1985.??.??"]
[Round "?"]
[White "Haik, Aldo"]
[Black "Campora, Daniel H"]
[Result "1/2-1/2"]
[WhiteElo "2455"]
[BlackElo "2485"]

1.Nf3 d5 2.g3 Bg4 3.Bg2 Nd7 4.c4 e6 5.b3 c6 6.Bb2 Ngf6 7.O-O Bd6 8.d3 O-O
9.Nc3 Qe7 10.h3 Bxf3 11.Bxf3 d4 12.Ne4 Nxe4 13.Bxe4 f5 14.Bg2 e5  1/2-1/2

[Event "Paz e Amizade"]
[Site "Paz e Amizade"]
[Date "1985.??.??"]
[Round "?"]
[White "Davies, Nigel R"]
[Black "Nascimento, Alexandre"]
[Result "1-0"]
[WhiteElo "2355"]
[BlackElo "2205"]

1.Nf3 d5 2.g3 Nf6 3.Bg2 c5 4.O-O Nc6 5.d3 e5 6.e4 dxe4 7.dxe4 Qxd1 8.Rxd1 Be7
9.Nbd2 O-O 10.Nc4 Bg4 11.Re1 Nd7 12.c3 h6 13.Ne3 Be6 14.Nd5 c4 15.b4 cxb3
16.axb3 Rfc8 17.b4 Bd8 18.Be3 Ne7 19.Nd2 a5 20.bxa5 Kf8 21.Reb1 Rxa5 22.Rxa5 Bxa5
23.Rxb7 Bxc3 24.Nc7 Ba2 25.Bh3 f5 26.exf5 Rb8 27.Ra7 Rb2 28.Ne4 Bb4 29.Ne6+ Bxe6
30.Ra8+ Nb8 31.Rxb8+ Bc8 32.f6 Rb1+ 33.Kg2  1-0

[Event "Nordic-chT"]
[Site "Pohja"]
[Date "1985.??.??"]
[Round "?"]
[White "Karlsson, Lars"]
[Black "Hansen, Curt"]
[Result "1-0"]
[WhiteElo "2530"]
[BlackElo "2500"]

1.Nf3 d5 2.g3 Nf6 3.Bg2 c6 4.O-O Bf5 5.d3 e6 6.c4 Bc5 7.Qc2 Nbd7 8.a3 a5
9.cxd5 cxd5 10.Nc3 O-O 11.Bd2 Rc8 12.Qb3 b6 13.Rfc1 Re8 14.Qb5 Ng4 15.d4 Be7
16.Na4 Bc2 17.Ne1 Bxa4 18.Qxa4 Ngf6 19.Bf4 Nf8 20.Qb5 Ng6 21.Rxc8 Qxc8 22.Qxb6 Nxf4
23.gxf4 a4 24.Nd3 Qc2 25.Bf3 Bf8 26.Rc1 Qd2 27.Qa6 g5 28.Qxa4 g4 29.Bxg4  1-0

[Event "Nordic-chT"]
[Site "Pohja"]
[Date "1985.??.??"]
[Round "?"]
[White "Borisova, Borislava"]
[Black "Feustel, Petra"]
[Result "1/2-1/2"]
[WhiteElo "2130"]
[BlackElo "2130"]

1.Nf3 d5 2.g3 Nf6 3.Bg2 c6 4.c4 g6 5.cxd5 cxd5 6.Nc3 Bg7 7.Qb3 O-O 8.d4 Nc6
9.O-O Na5 10.Qd1 Nc4 11.b3 Nd6 12.Bf4 Bf5 13.Ne5 Nde4 14.Nxe4 Bxe4 15.f3 Bf5
16.Qd2 Qb6 17.Be3 h5 18.Rac1 Rfc8 19.Rc5 Rxc5 20.dxc5 Qc7 21.Bd4 Ne8 22.Qc3 f6
23.Nd3 e5 24.Bf2 Be6 25.Rc1 d4 26.Qd2 f5 27.Rc2 Nf6 28.e3 dxe3 29.Qxe3 Nd5
30.Qe1 Bf7 31.Re2 Re8 32.Nb4 Ne7 33.Rd2 a5 34.Nc2 Nc6 35.Qd1 Rd8 36.Rxd8+ Qxd8
37.Qxd8+ Nxd8 38.Kf1 a4 39.bxa4 Bxa2 40.Nb4 Bc4+ 41.Ke1 Kf7 42.a5 Ke6 43.Bf1 Bxf1
44.Kxf1 Kd7 45.a6 bxa6 46.Nxa6 Nc6 47.Ke2 Kc8 48.Be1 Kb7 49.Nb4 Nxb4 50.Bxb4 Kc6
51.h3 Bf6 52.g4 Be7 53.gxh5 gxh5 54.Bc3 Kd5 55.c6 Bd6 56.Kd3 Kxc6 57.Kc4 Bc7
58.Bb4 Bb6 59.Bf8 Bf2 60.Bb4 Bg3 61.Bf8  1/2-1/2

[Event "Rubinstein mem"]
[Site "Polanica Zdroj"]
[Date "1985.??.??"]
[Round "9"]
[White "Spiridonov, Nikola"]
[Black "Klinger, Josef"]
[Result "1-0"]
[WhiteElo "2400"]
[BlackElo "2495"]

1.g3 d5 2.Nf3 Nf6 3.Bg2 e6 4.O-O Be7 5.c4 c5 6.cxd5 exd5 7.d4 O-O 8.Nc3 Nc6
9.b3 Ne4 10.Bb2 Bf6 11.Na4 Re8 12.Rc1 b6 13.dxc5 Bxb2 14.Nxb2 bxc5 15.Na4 Ba6
16.Re1 c4 17.Nd2 Qg5 18.Nxe4 dxe4 19.Qd6 Re6 20.Qf4 Qa5 21.Bxe4 Rae8 22.Nc3 g5
23.Qf3 Nb4 24.Bd5 Nxd5 25.Qxd5 Qxd5 26.Nxd5 cxb3 27.axb3 Rd6 28.Rc5 Rxe2
29.Rxe2 Bxe2 30.Nc3 Bf3 31.Rxg5+ Kf8 32.Re5 Rd2 33.Re3 Bc6 34.f3 Rb2 35.Na4 Rc2
36.g4 Bd5 37.h4 Be6 38.Rd3 Kg7 39.b4 Rc4 40.Nc5 Rxb4 41.Nxe6+ fxe6 42.Rd7+ Kg6
43.h5+ Kg5 44.Rxh7 e5 45.Kf2 e4 46.Rg7+ Kf4 47.Rf7+ Kg5 48.Rf5+ Kh4 49.h6 Rb2+
50.Ke3 exf3 51.h7 Kxg4 52.Rf4+  1-0

[Event "Prague zt"]
[Site "Prague"]
[Date "1985.??.??"]
[Round "17"]
[White "Donchev, Dimitar I"]
[Black "Mokry, Karel"]
[Result "1/2-1/2"]
[WhiteElo "2450"]
[BlackElo "2490"]

1.Nf3 d5 2.g3 c6 3.Bg2 Bg4 4.O-O Nd7 5.d3 e6 6.Nbd2 Ngf6 7.h3 Bxf3 8.Nxf3 a5
9.c3 Be7 10.Qc2 O-O 11.Bg5 h6 12.Bd2 Nc5 13.Rad1 Qb6 14.Be1 Rad8 15.Nh2  1/2-1/2

[Event "Rome-B"]
[Site "Rome"]
[Date "1985.??.??"]
[Round "4"]
[White "D'Amore, Carlo"]
[Black "Skembris, Spyridon"]
[Result "1/2-1/2"]
[WhiteElo "2335"]
[BlackElo "2435"]

1.Nf3 d5 2.g3 g6 3.Bg2 Bg7 4.O-O e5 5.d3 Ne7 6.e4 O-O 7.Re1 Nbc6 8.Nc3 dxe4
9.dxe4 Bg4 10.Qxd8 Raxd8 11.h3 Bc8 12.Nd1 h6 13.b3 Be6 14.Ba3 Rfe8 15.Ne3 Nd4
16.Rad1 Nec6 17.c3  1/2-1/2

[Event "Rome-B"]
[Site "Rome"]
[Date "1985.??.??"]
[Round "4"]
[White "Pernisco, Ermanno"]
[Black "Ghitescu, Theodor"]
[Result "0-1"]
[WhiteElo "2200"]
[BlackElo "2455"]

1.Nf3 d5 2.g3 Nf6 3.Bg2 g6 4.O-O Bg7 5.d3 O-O 6.Nbd2 c5 7.e4 Nc6 8.c3 e5
9.Re1 h6 10.a4 Be6 11.Rb1 Qc7 12.b4 Rfd8 13.Qc2 c4 14.Bf1 cxd3 15.Bxd3 dxe4
16.Nxe4 Nxe4 17.Bxe4 Ne7 18.Nd2 f5 19.Bg2 e4 20.Nf1 Rac8 21.Bd2 Nd5 22.Rec1 Nxc3
23.Be3 Qf7  0-1

[Event "Sochi"]
[Site "Sochi"]
[Date "1985.??.??"]
[Round "?"]
[White "Pigusov, Evgeny"]
[Black "Lputian, Smbat G"]
[Result "1/2-1/2"]
[WhiteElo "2455"]
[BlackElo "2530"]

1.Nf3 d5 2.g3 c5 3.Bg2 Nc6 4.d4 Nf6 5.O-O e6 6.c4 Be7 7.cxd5 exd5 8.Nc3 O-O
9.dxc5 Bxc5 10.Na4 Be7 11.Be3 Bg4 12.Rc1 Re8 13.Nc5 Bxc5 14.Bxc5 Qd7 15.Re1 Rac8
16.Bd4 Ne4 17.Be3 h5 18.Nd2 Bh3 19.Nxe4 Bxg2 20.Nc5 Qh3 21.Nd3 Be4 22.Nf4 Qd7
23.f3 Bg6 24.Bf2 Rcd8 25.Rc5 Re5 26.Qc1 Qe8 27.Qd1 f6 28.Qb3 Rd7 29.Nxg6 Qxg6
30.e4 Qf7 31.Rd1 d4 32.Qxf7+ Kxf7 33.Rc2 Ra5 34.b3 d3 35.Rcd2 Nb4 36.a4 Rc7
37.Be1 Rac5 38.Rb2 Rc2 39.Rbb1 a5 40.Bxb4 axb4 41.Rxd3 Ra2 42.f4 Rcc2 43.h4 Re2
44.Kf1 Rh2 45.Kg1 Rag2+ 46.Kf1 Rc2 47.Kg1 Rhe2 48.Kf1 Ke6 49.Re1 Rh2 50.Kg1 Rcg2+
51.Kf1 Rb2 52.Kg1 Rhc2 53.f5+ Kf7 54.Rd8 Rg2+ 55.Kh1 Rh2+ 56.Kg1 Rbg2+ 57.Kf1 Rc2
58.Kg1 Rhg2+ 59.Kh1 Rxg3 60.Red1 Rc7 61.R1d7+ Rxd7 62.Rxd7+ Kg8 63.Rxb7 Rxb3  1/2-1/2

[Event "Sochi"]
[Site "Sochi"]
[Date "1985.??.??"]
[Round "?"]
[White "Pigusov, Evgeny"]
[Black "Agzamov, Georgy"]
[Result "1/2-1/2"]
[WhiteElo "2455"]
[BlackElo "2590"]

1.Nf3 d5 2.g3 c6 3.Bg2 Bg4 4.b3 Nd7 5.Bb2 Ngf6 6.c4 dxc4 7.bxc4 Bxf3 8.Bxf3 e5
9.O-O Bd6 10.d3 h5 11.Nd2 h4 12.Rb1 Qc7 13.Bc3 hxg3 14.hxg3 e4 15.Nxe4 Nxe4
16.Bxe4 Bxg3 17.e3 Be5 18.Bxe5 Qxe5 19.f4 Qe6 20.Rxb7 Nc5 21.Rb2 f5 22.Bg2 Qxe3+
23.Rff2 O-O-O 24.Qf3 Qxf3 25.Rxf3 Rxd3 26.Re2 Rd1+ 27.Rf1 Rxf1+ 28.Bxf1 Rh4
29.Re5 Rg4+ 30.Kh2 Rxf4 31.Rxc5 Rxf1 32.Rxc6+ Kb8 33.Rg6 Rf2+ 34.Kg3 Rxa2
35.Rxg7 Ra5 36.Kf4 Rc5 37.Ke3 Rxc4 38.Rf7 Rc5 39.Kd4 Ra5 40.Kc4 Re5 41.Kd4 Rb5
42.Kc4 a6 43.Kc3 Rc5+ 44.Kd4 Ra5 45.Kc3 Kc8 46.Kb4 Re5 47.Kc3 a5 48.Ra7 Kd8
49.Kd4 Re4+ 50.Kd5 a4 51.Kd6 Kc8 52.Ra5 Kb7 53.Rxf5 Kb6 54.Kd5 Rh4 55.Rf8 Ka5
56.Kc5 Ka6 57.Rf6+ Ka5 58.Rf8 Ka6 59.Rf6+ Kb7 60.Rf7+ Kc8 61.Kb5 a3 62.Ra7 Rh3
63.Kb4 Kb8 64.Rxa3 Rxa3 65.Kxa3  1/2-1/2

[Event "Tallinn"]
[Site "Tallinn"]
[Date "1985.??.??"]
[Round "?"]
[White "Pribyl, Josef"]
[Black "Kiik, A."]
[Result "1/2-1/2"]
[WhiteElo "2405"]
[BlackElo "2200"]

1.Nf3 d5 2.g3 c5 3.c4 e6 4.Bg2 Nc6 5.O-O Nf6 6.b3 Be7 7.Bb2 d4 8.e3 e5 9.exd4 exd4
10.d3 O-O 11.Na3 Bf5 12.Nc2 a5 13.Re1 Qd7 14.a3 Rae8 15.Rb1 Bd6 16.Bc1 Rxe1+
17.Ncxe1 h6 18.Rb2 Bg4 19.Qe2 Re8 20.Qf1 Qe6 21.Bd2 Qe7 22.h3 Bd7 23.Nc2 b6
24.b4 axb4 25.axb4 cxb4 26.Qb1 Bc5 27.Nxb4 Ne5 28.Nxe5 Qxe5 29.Na6 Bf5  1/2-1/2

[Event "Trencianske Teplice"]
[Site "Trencianske Teplice"]
[Date "1985.??.??"]
[Round "5"]
[White "Dizdar, Goran"]
[Black "Ubilava, Elizbar"]
[Result "1/2-1/2"]
[WhiteElo "2450"]
[BlackElo "2485"]

1.Nf3 d5 2.g3 Nf6 3.Bg2 c6 4.O-O Bg4 5.c4 e6 6.cxd5 exd5 7.d3 Be7 8.b3 O-O
9.Bb2 a5 10.a3 Bxf3 11.Bxf3 Nbd7 12.e4 dxe4 13.dxe4 Qc7 14.Qc2 Rad8 15.Nd2 Bd6
16.Nc4 Ne5 17.Be2 Nxc4 18.Bxf6 gxf6 19.Bxc4 Qe7 20.a4 Rfe8 21.Rad1 Bb4 22.Rxd8 Rxd8
23.Qe2 Qe5 24.h4 Kf8 25.Rd1 Rxd1+ 26.Qxd1 b5 27.Bd3 Qd4 28.Kg2 Be1 29.Qxe1 Qxd3
30.axb5  1/2-1/2

[Event "Trencianske Teplice"]
[Site "Trencianske Teplice"]
[Date "1985.??.??"]
[Round "12"]
[White "Vokac, Marek"]
[Black "Dizdar, Goran"]
[Result "1/2-1/2"]
[WhiteElo "2360"]
[BlackElo "2450"]

1.Nf3 d5 2.g3 Bg4 3.Bg2 Nd7 4.d3 Ngf6 5.Nbd2 e5 6.h3 Bh5 7.e4 dxe4 8.dxe4 Bc5
9.O-O O-O 10.Qe1 Re8 11.Nh4 c6 12.Nb3 Bf8 13.a4 a5 14.Bd2 b6 15.Be3 Qc7 16.Nf5 Rad8
17.g4 Bg6 18.Qe2 Bxf5 19.gxf5 g6 20.fxg6 hxg6 21.Bf3 Be7 22.Qc4 Kg7 23.Bg4 Rh8
24.Kg2 Nf8 25.f3 Nxg4 26.fxg4 Bh4 27.Nd2 Ne6 28.Nf3 Be7 29.Rad1 Bc5 30.Bg5 Rxd1
31.Rxd1 Be7 32.Be3 Bc5 33.Bg5 Be7 34.Be3 Bc5  1/2-1/2

[Event "Tirnavia-B"]
[Site "Trnava"]
[Date "1985.??.??"]
[Round "3"]
[White "Paehtz, Thomas Sr"]
[Black "Jankovec, Ivan"]
[Result "1-0"]
[WhiteElo "2380"]
[BlackElo "2335"]

1.Nf3 d5 2.g3 Nf6 3.Bg2 c6 4.O-O Bf5 5.d3 h6 6.Nbd2 e6 7.b3 Be7 8.Bb2 O-O
9.Ne5 Nbd7 10.e4 Bh7 11.Nxd7 Nxd7 12.Qe2 Bf6 13.e5 Be7 14.f4 Re8 15.Kh1 Bf8
16.Nf3 a5 17.a4 b5 18.Nd4 Qb6 19.f5 exf5 20.Nxf5 Bxf5 21.Rxf5 g6 22.Qg4 Bg7
23.Rxf7 Kxf7 24.Qxd7+ Kg8 25.Qd6 Kh7 26.Bxd5 Qf2 27.Be4 Qf7 28.axb5 Rad8
29.Qc5 cxb5 30.Qxb5 a4 31.d4 axb3 32.Qxb3 Qxb3 33.cxb3 Re6 34.Bd3 Rxe5 35.Bxg6+ Kxg6
36.dxe5 Rb8 37.Ra3 Bf8 38.Ra6+ Kh5 39.Ba3 Bg7 40.b4 Bf8 41.Kg2  1-0

[Event "Tirnavia-B"]
[Site "Trnava"]
[Date "1985.??.??"]
[Round "6"]
[White "Tibensky, Robert"]
[Black "Priehoda, Vitezslav"]
[Result "1/2-1/2"]
[WhiteElo "2340"]
[BlackElo "2265"]

1.Nf3 d5 2.g3 Nf6 3.Bg2 Bf5 4.O-O e6 5.d3 h6 6.b3 Be7 7.Bb2 O-O 8.Nbd2 c5
9.c4 Nc6 10.Ne5 Nxe5 11.Bxe5 Rc8 12.Re1 Nd7 13.Bb2 Nb8 14.e4 dxe4 15.dxe4 Bg6
16.e5 Nc6 17.Be4 Bxe4 18.Nxe4 Qc7 19.f4 Rfd8 20.Qe2 Rd7 21.Red1 Rcd8 22.Bc3 Bf8
23.Rxd7 Rxd7 24.Rd1 Be7 25.Kg2 Qd8 26.Rxd7 Qxd7 27.Nf2 Bd8 28.Nd3 Be7 29.Qe3 Qd8
30.Qe4 Qd7 31.Kf2 Kh8 32.Ke2 Qc8 33.Qe3 Nb8 34.Nf2 Qc6 35.Ne4 Nd7 36.Qd3 Nb8
37.Kd2 Qa6 38.a4 Qc6 39.Kc2 Qd7 40.Qxd7  1/2-1/2

[Event "SWE-ch"]
[Site "Uppsala"]
[Date "1985.??.??"]
[Round "?"]
[White "Karlsson, Lars"]
[Black "Bengtsson, Bo"]
[Result "1/2-1/2"]
[WhiteElo "2550"]
[BlackElo "2320"]

1.Nf3 d5 2.g3 g6 3.Bg2 Bg7 4.O-O e5 5.c4 c6 6.Qa4 e4 7.Ne1 Bg4 8.f3 exf3
9.Nxf3 d4 10.d3 Ne7 11.Qb4 Qb6 12.Qa3 c5 13.Nbd2 O-O 14.Ne4 Nd7 15.Bd2 a5
16.Qa4 h6 17.Rae1 Be6 18.e3 Nf5 19.exd4 cxd4 20.Kh1 Ne3 21.Bxe3 dxe3 22.Re2 Rad8
23.Rfe1 f5 24.c5 Qb4 25.Qxb4 axb4 26.Nd6 Nxc5 27.d4 Nd3 28.Nxb7 Rb8 29.Nc5 Nxe1
30.Nxe6 Nxf3 31.Bxf3 Rfc8 32.Bd5 Kh7 33.Bb3 Rb7 34.Rxe3 Rd7 35.Kg2 g5 36.Re2 Kg6
37.Rf2 Rxd4 38.Bc2 Rxc2 39.Rxc2 Rd6 40.Nc7 Bf6 41.Ne8 Re6 42.Nxf6 Kxf6 43.Kf2 Ra6  1/2-1/2

[Event "SWE-ch"]
[Site "Uppsala"]
[Date "1985.??.??"]
[Round "?"]
[White "Karlsson, Lars"]
[Black "Hector, Jonny"]
[Result "1/2-1/2"]
[WhiteElo "2550"]
[BlackElo "2295"]

1.Nf3 d5 2.g3 Nf6 3.Bg2 Bf5 4.O-O e6 5.d3 h6 6.c4 c6 7.Nc3 Bd6 8.cxd5 cxd5
9.e4 Bg4 10.exd5 exd5 11.Qb3 O-O 12.Qxb7 Nbd7 13.d4 Nb6 14.Ne5 Bc8 15.Qc6 Ba6
16.Bh3 Bxf1 17.Kxf1 Re8 18.Bf4 Nc4 19.Re1 Nxb2 20.Re2 Nc4 21.Nxc4 Bxf4 22.Ne5 Bxe5
23.dxe5 d4 24.exf6 dxc3 25.Rxe8+ Qxe8 26.Bd7 Rc8 27.Qa4 c2 28.Bxe8 c1=Q+
29.Kg2 Qc4 30.Qxc4 Rxc4 31.fxg7 Kxg7 32.Bb5 Rc5 33.Ba4 f6 34.Bb3 Kf8 35.Kf3 Re5
36.h3 Ke7 37.Kg4 Kd6 38.f4 Re3 39.f5 Ke5 40.Be6 a5 41.h4 a4 42.Kh5 Rxg3 43.Kxh6 Rg2
44.h5 Kf4 45.Bd5 Rg5 46.Be6 Rg1 47.Bd7 Rg2  1/2-1/2

[Event "Varna"]
[Site "Varna"]
[Date "1985.??.??"]
[Round "?"]
[White "Tringov, Georgi P"]
[Black "Semkov, Semko"]
[Result "1-0"]
[WhiteElo "2460"]
[BlackElo "2410"]

1.Nf3 d5 2.g3 Nf6 3.Bg2 e6 4.O-O Be7 5.d3 b6 6.e4 dxe4 7.Nfd2 Bb7 8.Nc3 Qc8
9.dxe4 O-O 10.e5 Nfd7 11.Nf3 Rd8 12.Bd2 Nc6 13.Re1 Nc5 14.Qe2 Rd7 15.Bf4 Nb4
16.Rac1 Ba6 17.Qe3 Nbd3 18.cxd3 Rxd3 19.Qe2 Rxc3 20.Qd2 Rxc1 21.Rxc1 Nd3
22.Rd1 Nxf4 23.Qxf4 Qe8 24.Ng5 Rd8 25.Bc6 Qf8 26.Rc1 h6 27.Nf3 Be2 28.Qa4 Bc5
29.Qxa7 Bxf3 30.Bxf3 Rd2 31.Qxc7 Rxb2 32.Be4 Bxf2+ 33.Kh1 g6 34.Rd1 Kg7 35.Rd7 Rxa2
36.Qc4 Ra1+ 37.Kg2 Qe8 38.Bc6 Bc5 39.Qf4 Ra2+ 40.Kh3 Qf8 41.Qf6+ Kg8 42.Rd8 Ra7
43.Rxf8+ Bxf8 44.Qd8 Ra5 45.Be8 Ra7 46.Qxb6 Re7 47.Bc6 Kg7 48.Kg2 Kg8 49.h4 Kg7
50.Kf3 Kg8 51.Ke4 Bg7 52.Qd8+ Bf8 53.Qb8 Kg7 54.Kd3 Kg8 55.Kc4 Kg7 56.Kb5 Kg8
57.Kb6 Kg7 58.Qd8 Kg8  1-0

[Event "Hoogovens-B"]
[Site "Wijk aan Zee"]
[Date "1985.??.??"]
[Round "6"]
[White "Hartoch, Robert G"]
[Black "Sowray, Peter J"]
[Result "1-0"]
[WhiteElo "2360"]
[BlackElo "2330"]

1.Nf3 d5 2.g3 Nf6 3.Bg2 Bf5 4.c4 dxc4 5.Na3 c6 6.Nxc4 Nbd7 7.O-O e6 8.b3 Be7
9.Bb2 h6 10.d3 O-O 11.e4 Bh7 12.Qe2 a5 13.Rab1 a4 14.b4 a3 15.Bc3 Nb6 16.Nfe5 Nxc4
17.dxc4 c5 18.b5 Qc7 19.Rbd1 Rfd8 20.f3 Nd7 21.Nxd7 Rxd7 22.Rxd7 Qxd7 23.Rd1 Qc7
24.f4 Rd8 25.Kf2 f6 26.Rxd8+ Qxd8 27.Qd2 Qa8 28.Ke3 Qa4 29.Qd3 Bg6 30.Bf3 e5
31.fxe5 fxe5 32.Bxe5 Bg5+ 33.Kf2 Bf7 34.Be2 Qa8 35.Bf4 Bxf4 36.gxf4 Qa4 37.e5 Qb4
38.Qd8+ Kh7 39.e6 Bg6 40.e7 Qb2 41.e8=Q Bxe8 42.Qxe8 Qxa2 43.Ke3 g6 44.Bd3 Qg2
45.Qf7+ Kh8 46.Bxg6 Qg1+ 47.Kf3 Qd1+ 48.Kg3 Qg1+ 49.Kh3 Qf1+ 50.Kg4 Qe2+
51.Kf5 Qd3+ 52.Ke6  1-0

[Event "Zagreb"]
[Site "Zagreb"]
[Date "1985.??.??"]
[Round "?"]
[White "Rukavina, Josip"]
[Black "Timman, Jan H"]
[Result "1/2-1/2"]
[WhiteElo "2470"]
[BlackElo "2650"]

1.g3 d5 2.Nf3 c6 3.Bg2 Bg4 4.O-O Nd7 5.d4 e6 6.Nbd2 f5 7.b3 Bd6 8.Bb2 Ngf6
9.Ne5 Bh5 10.Ndf3 O-O 11.c4 Qe7 12.Qc2 Ne4 13.Nxd7 Qxd7 14.Ne5 Qe7 15.f3 Nf6
16.e3  1/2-1/2

[Event "Aarhus-B"]
[Site "Aarhus"]
[Date "1986.??.??"]
[Round "1"]
[White "Jacobsen, Bo"]
[Black "Jensen, Vagn"]
[Result "1-0"]
[WhiteElo "2285"]
[BlackElo "2215"]

1.Nf3 d5 2.g3 Nc6 3.Bg2 e5 4.d3 Nf6 5.O-O Be7 6.c3 a5 7.a4 O-O 8.Nbd2 h6
9.e4 dxe4 10.dxe4 Be6 11.Qe2 Nd7 12.Nc4 Bf6 13.Ne3 g6 14.Rd1 Bg7 15.Nd5 Ncb8
16.Be3 Na6 17.Rd2 Qe8 18.Rad1 f5 19.exf5 gxf5 20.Nh4 Qf7 21.Bf3  1-0

[Event "Aarhus-A"]
[Site "Aarhus"]
[Date "1986.??.??"]
[Round "3"]
[White "Sorensen, Bent"]
[Black "Schandorff, Lars"]
[Result "0-1"]
[WhiteElo "2295"]
[BlackElo "2335"]

1.g3 d5 2.Nf3 Nf6 3.Bg2 c6 4.O-O Bf5 5.d3 e6 6.Nbd2 h6 7.b3 Bc5 8.Bb2 O-O
9.e3 Nbd7 10.Qe2 Bh7 11.e4 a5 12.a3 b5 13.Kh1 Qc7 14.Rad1 Rfd8 15.Nh4 dxe4
16.dxe4 e5 17.f4 Bd6 18.f5 Nb6 19.Nhf3 a4 20.b4 c5 21.bxc5 Qxc5 22.Rc1 Rac8
23.Rg1 Bb8 24.g4 Nxg4 25.Bf1 Ne3 26.Qxb5 Nxf1 27.Qxf1 f6 28.Qg2 Qe7 29.c4 Bd6
30.Rc3 Bc5 31.Rgc1 Rd6 32.Nf1 Rcd8 33.Qe2 Qb7 34.R1c2 Rd1 35.Bc1 Rxf1+ 36.Qxf1 Qxe4
37.Rg2 Kh8 38.Ng1 Bxf5 39.Rf3 Bg4 40.Rxf6 Rd1 41.Rxh6+ Kg8 42.Qxd1  0-1

[Event "Aarhus-A"]
[Site "Aarhus"]
[Date "1986.??.??"]
[Round "5"]
[White "Sorensen, Bent"]
[Black "Rosenlund, Thorbjorn"]
[Result "1/2-1/2"]
[WhiteElo "2295"]
[BlackElo "2310"]

1.g3 d5 2.Nf3 c6 3.Bg2 Nf6 4.O-O Bg4 5.d3 Nbd7 6.Nbd2 e5 7.b3 Be7 8.e4 O-O
9.h3 Bxf3 10.Qxf3 Bb4 11.Nb1 dxe4 12.dxe4 a5 13.Bb2 Re8 14.Qe2 Qc7 15.a3 Bc5
16.Nd2 Nf8 17.Kh1 Ne6 18.Nf3 Nd7 19.Rad1 Rad8 20.h4 b5 21.Bh3 f6 22.a4 Qb6
23.axb5 cxb5 24.Rd5 Ndf8 25.Kg2 Nd4 26.Nxd4 exd4 27.Rxd8 Rxd8 28.Qd3 Ng6
29.f4 Ne7 30.Kh2 Nc6 31.Rd1 Nb4 32.Qe2  1/2-1/2